000 00599nam a22001937a 4500
005 20251108170806.0
008 250721s9999 xx 000 0 ara d
082 1 4 _aط/ ق
100 1 _aمغربي، امل
245 1 0 _aحاتم وصفاء في الجبل /
264 1 _aد.م :
_bدار ايزيس للطباعة،
_c[19-].
300 _a14ص.: مص
490 0 _aقصص أطفال الروضة
650 1 7 _aالقصص العريبة
653 _aأطفال ما قبل المدرسة (0-5 سنوات)
700 1 _aنجيب، أسامة
_eCart.
942 _2ddc
_cBK
999 _c49099
_d49099